000 01585nem a2200289 i 4500
001 173634
003 ES-MaACL
005 20250624193614.0
007 ajrcafzn
008 091218r19921830sp a | l| | ||spa d
080 _a(460.27 Madrid)
130 0 _aMadrid.
_kPlanos de población (
_d1830).
_f1992.
_9160427
245 1 0 _aVista general de Madrid Villa [
_hMaterial cartográfico]
_b: tal y como aparecía en el año de 1830 reinando en España S.S.M.M. D. Fernando VII y su esposa Dª Mª Cristina... /
_cEsta vista de Madrid ha sido realizada a partir del modelo original de D. León Gil de Palacio, brigadier... ; Lo concibieron y dibujaron en Caligrama D. José Ramón Alvarado, D. Pedro Magaz y D. Federico Manzarbeitia.
255 _aEscala [ca. 1:1.600]. 500 varas castellanas [= 25,5 cm].
260 _aMadrid :
_bConcejalía de Cultura,
_cD.L. 1992.
300 _a1 plano en 20 h. ;
_ccada h. de 49,5 x 62,5 cm.
507 _aEscala expresada también en pies.
592 _aCultivos y arbolado representados. - En el ángulo inferior izquierdo nomenclátor, sobre éste vistas de monumentos y edificios importantes.
595 _aPlano basado en la maqueta realizada por León Gil en 1830 y que se conserva en el Museo Municipal de Madrid.
599 _aEscudos de España y de Madrid unidos por una corona.
700 1 _aGil de Palacio, León,
_d1778-1849
_9160428
700 1 _aAlvarado, José Ramón.
_9160429
700 1 _aMagaz, Pedro.
_9160430
700 1 _aManzarbeitia, Federico.
_9160431
852 _aES-MaACL
_jGF-98
999 _c173634
_d173634